00540nam a2200193 a 4500001001300000003000900013005001700022008004100039020001000080082001800090100002000108245006700128260004100195300000900236500003500245505001700280650002900297700002000326nice12345678IN_TiNIC20260116011352.0050524s1845 cala grp 000 0 ara  ac10000a297.403bSPR1 aSprenger, Alloy aAbdur-Razzaq`s Dictionary of the Technical Terms of the Sufies aCalcuttabMadresah of Calcuttac1845 a176p aincludes index and biblioraphy2 aIndex, Illus aSufism-Dictionary-Arabic1 aSprenger, Alloy